Presidents of Ukraine - Statistics

General Stats
  • This quiz has been taken 11 times
  • The average score is 4 of 6
Answer Stats
Years President % Correct
2014–2019 Petro Poroshenko
100%
2019– Volodymyr Zelenskyy
100%
1994–2005 Leonid Kuchma
70%
2010–2014 Viktor Yanukovych
60%
1991–1994 Leonid Kravchuk
40%
2005–2010 Viktor Yushchenko
40%
No matching quizzes found
Score Distribution
Percent of People with Each Score
Percentile by Number Answered
Your Score History
You have not taken this quiz